| 000 | 00781nam a2200229Ii 4500 | ||
|---|---|---|---|
| 003 | JO-AjNU | ||
| 008 | 230605s9999||||xx |||||||||||||| ||und|| | ||
| 017 | _a2/828 | ||
| 020 | _a978-9923-24-058-8 | ||
| 040 |
_aJO-AjNU _bara _erda _cJO-AjNU |
||
| 041 | _aara | ||
| 050 | 1 | 4 | _aHD9018.S6742 2021 |
| 100 | 3 |
_aالشمري، عماد مطير, _eauthor _964265 |
|
| 245 | 0 | 0 | _aالأمن الغذائي العربي: الواقع والآفاق المستقبلية |
| 250 | _aط1 | ||
| 264 | 3 | 1 | _aعمان:دار ابن النفيس للنشروالتوزيع، 2021 |
| 300 | _a364ص | ||
| 336 |
_atext _btxt _2rdacontent |
||
| 337 |
_aunmediated _bn _2rdamedia |
||
| 338 |
_avolume _bnc _2rdacarrier |
||
| 650 | 4 |
_aالامن الغذائي-الانتاج المحلي _964266 |
|
| 999 |
_aA29196 _c32764 _d32764 |
||